Construcción de un modelo de apoyo para el fortalecimiento y desarrollo institucional de las administraciones públicas locales (Registro nro. 358917)
[ vista simple ]
| 001 - NÚMERO DE CONTROL | |
|---|---|
| campo de control | 934297 |
| 005 - FECHA Y HORA DE LA ÚLTIMA TRANSACCIÓN | |
| campo de control | 20260506155537.0 |
| 008 - DATOS DE LONGITUD FIJA--INFORMACIÓN GENERAL | |
| campo de control de longitud fija | 050712s2004 spa |
| 035 ## - NÚMERO DE CONTROL DEL SISTEMA | |
| Número de control de sistema | 934297 |
| 035 ## - NÚMERO DE CONTROL DEL SISTEMA | |
| Número de control de sistema | (OCoLC)318275270 |
| 040 ## - FUENTE DE LA CATALOGACIÓN | |
| Centro/agencia transcriptor | comduadb |
| 041 ## - CÓDIGO DE LENGUA | |
| Código de lengua del texto/banda sonora o título independiente | spa |
| 082 #4 - NÚMERO DE LA CLASIFICACIÓN DECIMAL DEWEY | |
| Número de clasificación | 350 |
| 100 10 - ENTRADA PRINCIPAL--NOMBRE DE PERSONA | |
| Nombre de persona | Cardona González, Silvio |
| Código de función | com |
| Término indicativo de función/relación | Compilador |
| 9 (RLIN) | 408133 |
| 245 10 - MENCIÓN DE TÍTULO | |
| Título | Construcción de un modelo de apoyo para el fortalecimiento y desarrollo institucional de las administraciones públicas locales |
| 260 ## - PUBLICACIÓN, DISTRIBUCIÓN, ETC. | |
| Lugar de publicación, distribución, etc. | Bogotá : |
| Nombre del editor, distribuidor, etc. | Esap, |
| Fecha de publicación, distribución, etc. | 2004. |
| 300 ## - DESCRIPCIÓN FÍSICA | |
| Extensión | 152 páginas |
| 490 0# - MENCIÓN DE SERIE | |
| Mención de serie | Pensamiento administrativo publico : cuadernillo ; |
| Designación de volumen o secuencia | 7 |
| 505 ## - NOTA DE CONTENIDO CON FORMATO | |
| Nota de contenido con formato | CONTENIDO: Introducción -- Los conceptos como puntos de partida de la investigación -- El problema crucial -- Los términos conceptuales del problema -- El problema crucial:Tejido - Red de relaciones -- Marco teórico emergente -- Puntos de partida para pensar el desarrollo institucional de las administraciones públicas -- Pensar la gerencia de las administraciones públicas: un desafió -- Cómo influye la globalización en el proceso de modernización institucional de las administraciones públicas? -- Culturas y configuraciones de identidades territoriales -- Territorio,territorialidad y territorialización desde la perspectiva del desarrollo institucional de las administraciones públicas -- El método como andadura viva de la investigación -- Suceso temporal 1: Organización humana y del conocimiento -- Suceso temporal 2: Acercamiento a las administraciones públicas locales -- Suceso temporal 3: Encuentro con pares académicos -- Suceso temporal 4: Selección de técnicas y estructuración de instrumentos -- Conclusiones -- Bibliografía -- Anexos . |
| 650 #7 - PUNTO DE ACCESO ADICIONAL DE MATERIA--TÉRMINO DE MATERIA | |
| Término de materia o nombre geográfico como elemento de entrada | Administración pública |
| Fuente del encabezamiento o término | lemb |
| 9 (RLIN) | 69074 |
| 650 ## - PUNTO DE ACCESO ADICIONAL DE MATERIA--TÉRMINO DE MATERIA | |
| Término de materia o nombre geográfico como elemento de entrada | Investigación en administración pública |
| 9 (RLIN) | 94170 |
| 650 #7 - PUNTO DE ACCESO ADICIONAL DE MATERIA--TÉRMINO DE MATERIA | |
| Término de materia o nombre geográfico como elemento de entrada | Desarrollo regional |
| Fuente del encabezamiento o término | lemb |
| 9 (RLIN) | 12437 |
| 650 ## - PUNTO DE ACCESO ADICIONAL DE MATERIA--TÉRMINO DE MATERIA | |
| Término de materia o nombre geográfico como elemento de entrada | Desarrollo institucional |
| 9 (RLIN) | 121114 |
| 650 ## - PUNTO DE ACCESO ADICIONAL DE MATERIA--TÉRMINO DE MATERIA | |
| Término de materia o nombre geográfico como elemento de entrada | Gerencia publica |
| 9 (RLIN) | 146494 |
| 650 ## - PUNTO DE ACCESO ADICIONAL DE MATERIA--TÉRMINO DE MATERIA | |
| Término de materia o nombre geográfico como elemento de entrada | Territorialidad |
| 9 (RLIN) | 35104 |
| 650 ## - PUNTO DE ACCESO ADICIONAL DE MATERIA--TÉRMINO DE MATERIA | |
| Término de materia o nombre geográfico como elemento de entrada | Administración pública - Caldas |
| 9 (RLIN) | 88737 |
| 700 10 - ENTRADA AGREGADA--NOMBRE PERSONAL | |
| Nombre de persona | Londoño Idarraga, John Belmar |
| Código de función | aut |
| Término indicativo de función/relación | Autor/a |
| 9 (RLIN) | 408132 |
| 700 10 - ENTRADA AGREGADA--NOMBRE PERSONAL | |
| Nombre de persona | Díaz Gómez, Álvaro, |
| Fechas asociadas al nombre | 1960- |
| Código de función | aut |
| Número de control del registro de autoridad o número normalizado | (orcid)0000-0002-2602-1702 |
| -- | (viaf)316562717 |
| Término indicativo de función/relación | Autor/a |
| 9 (RLIN) | 312914 |
| 700 10 - ENTRADA AGREGADA--NOMBRE PERSONAL | |
| Nombre de persona | Giraldo Hoyos, Jose Aldemar |
| Código de función | aut |
| Término indicativo de función/relación | Autor/a |
| 9 (RLIN) | 548344 |
| 942 ## - ELEMENTOS DE ENTRADA AGREGADA (KOHA) | |
| Tipo de ítem Koha | Libros |
| Estado de retiro | Estado de pérdida | Estado dañado | No para préstamo | Código de colección | Localización permanente | Ubicación/localización actual | Fecha de adquisición | Fuente de adquisición | Coste, precio normal de compra | Número de inventario | Total de préstamos | Signatura topográfica completa | Código de barras | Fecha visto por última vez | Número de copia | Precio válido a partir de | Tipo de ítem Koha |
|---|---|---|---|---|---|---|---|---|---|---|---|---|---|---|---|---|---|
| Colección General Piso 2 | Biblioteca Carlos Gaviria Díaz, Campus Medellín | Biblioteca Carlos Gaviria Díaz, Campus Medellín | 07/03/2023 | Material adquirido por donación | 30000.00 | C13338933 | 350 C758 e2 | 01076405 | 26/04/2023 | 1 | 26/04/2023 | Libros | |||||
| Extraviado Inventario | Colección General Piso 2 | Biblioteca Carlos Gaviria Díaz, Campus Medellín | Biblioteca Carlos Gaviria Díaz, Campus Medellín | 20/05/2009 | Material adquirido por donación | C1047976 | 350 C758 | 0688909 | 26/04/2023 | 2 | 26/04/2023 | Libros |